In Synchrony with the Heavens, Volume 2 Instruments of Mass Calculation : (Studies X-XVIII) /
This is the first investigation of one of the main interests of astronomy in Islamic civilization, namely, timekeeping by the sun and stars and the regulation of the astronomically-defined times of Muslim prayer. The study is based on over 500 medieval astronomical manuscripts first identified by th...
المؤلف الرئيسي:
التنسيق: كتاب الكتروني
اللغة: English
منشور في:
Leiden; Boston :
BRILL,
2005.
سلاسل:
Brill Book Archive Part 1, ISBN: 9789004472495.
Islamic Philosophy, Theology and Science. Texts and Studies ;
55/2.
الموضوعات:
الوصول للمادة أونلاين: Login to view Source
الوسوم: إضافة وسم
رقم الطلب: QB23
| LEADER | 02946nam a22005051i 4500 | ||
|---|---|---|---|
| 001 | BRILL9789047406754 | ||
| 003 | nllekb | ||
| 005 | 20211118222633.0 | ||
| 006 | m d | ||
| 007 | cr un uuuua | ||
| 008 | 210731s2005 ne sb 001 0 eng d | ||
| 010 | |z 2004043523 | ||
| 020 | |a 9789047406754 |q (electronic book) | ||
| 020 | |a 9789004141889 |q (print) | ||
| 024 | 7 | |a 10.1163/9789047406754 |2 DOI | |
| 035 | |a (OCoLC)191935917 | ||
| 040 | |a NL-LeKB |c NL-LeKB |e rda | ||
| 050 | 4 | |a QB23 | |
| 072 | 7 | |a HPDC |2 bicssc | |
| 072 | 7 | |a PHI |x 022000 |2 bisacsh | |
| 072 | 7 | |a REL |x 037000 |2 bisacsh | |
| 082 | 0 | 4 | |a 520/.917/67 |2 23 |
| 100 | 1 | |a King, David, |e author. | |
| 245 | 1 | 0 | |a In Synchrony with the Heavens, Volume 2 Instruments of Mass Calculation : |b (Studies X-XVIII) / |c David King. |
| 264 | 1 | |a Leiden; |a Boston : |b BRILL, |c 2005. | |
| 300 | |a 1 online resource. | ||
| 336 | |a text |b txt |2 rdacontent | ||
| 337 | |a computer |b c |2 rdamedia | ||
| 338 | |a online resource |2 rdacarrier | ||
| 490 | 1 | |a Brill Book Archive Part 1, ISBN: 9789004472495 | |
| 490 | 1 | |a Islamic Philosophy, Theology and Science. Texts and Studies ; |v 55/2 | |
| 504 | |a Includes bibliographical references and index. | ||
| 520 | |a This is the first investigation of one of the main interests of astronomy in Islamic civilization, namely, timekeeping by the sun and stars and the regulation of the astronomically-defined times of Muslim prayer. The study is based on over 500 medieval astronomical manuscripts first identified by the author, now preserved in libraries all over the world and originally from the entire Islamic world from the Maghrib to Central Asia and the Yemen. The materials presented provide new insights into the early development of the prayer ritual in Islam. They also call into question the popular notion that religion could not inspire serious scientific activity. Only one of the hundreds of astronomical tables discussed here was known in medieval Europe, which is one reason why the entire corpus has remained unknown until the present. A second volume, also to be published by Brill, deals with astronomical instruments for timekeeping and other computing devices. | ||
| 588 | |a Description based on print version record. | ||
| 650 | 0 | |a Astronomy |x Islamic countries |x History. | |
| 650 | 0 | |a Astronomy, Medieval. | |
| 650 | 0 | |a Islam and science. | |
| 650 | 0 | |a Time (Islamic law) | |
| 776 | 0 | 8 | |i Print version: |t In Synchrony with the Heavens, Volume 2 Instruments of Mass Calculation : (Studies X-XVIII). |d Leiden ; Boston : BRILL, 2005 |z 9789004141889 |w (OCoLC)53805662 |
| 830 | 0 | |a Brill Book Archive Part 1, ISBN: 9789004472495. | |
| 830 | 0 | |a Islamic Philosophy, Theology and Science. Texts and Studies ; |v 55/2. | |
| 856 | 4 | |z DOI: |u http://dx.doi.org/10.1163/9789047406754 | |
| 942 | |2 lcc |c EBOOK | ||
| 952 | |0 0 |1 0 |2 lcc |4 0 |7 1 |9 23290 |a BRILL |b BRILL |d 2021-11-18 |l 0 |r 2021-11-18 00:00:00 |w 2021-11-18 |y EBOOK | ||
| 999 | |c 40764 |d 40764 | ||
